Statistiken für An die Freude Text

Klicken Sie hier um das Quiz zu spielen!

Allgemein

  • Dieses Quiz wurde 42 mal gespielt
  • Das Durchschnittsergebnis liegt bei 54 aus 167

Antwortstatistiken

Antwort% Korrekt
Gott
97%
schöner
97%
Freude
94%
(Freude)
94%
Götterfunken
94%
aus
91%
Elysium
89%
er
89%
Tochter
83%
dein
77%
Wir
77%
Heiligtum
74%
alle
71%
Alle
71%
die / der
71%
betreten
66%
feuertrunken
66%
Himmlische
66%
Menschen / Bettler
66%
Brüder
60%
Brüder / Fürstenbrüder
60%
Wer
60%
wer
60%
werden
60%
Wo
57%
Deine
54%
der
54%
Was
54%
ein
51%
Mode
51%
sanfter
51%
wie
51%
Flügel
49%
weilt
49%
wieder
49%
binden
46%
geteilt
46%
streng / Schwerd
46%
Zauber
46%
eine
43%
sie
43%
und
43%
Und
43%
den
37%
Freund
37%
Sein
37%
sein
37%
zu
37%
auf
34%
große
31%
uns
31%
wer's
31%
du
29%
Eines
29%
Freundes
29%
gelungen
29%
Jubel
29%
Wem
29%
dem
26%
holdes
26%
Weib
26%
Wurf
26%
auch
23%
errungen
23%
im
23%
Ja
23%
nur
23%
Seele
23%
seine
23%
über'm
23%
An
20%
seinen
20%
Bund
17%
Ihr
17%
Mische
17%
nennt
17%
nie
17%
sich
17%
diesem
14%
Reben
14%
stehle
14%
Weinend
14%
Welt
14%
Einen
11%
Erdenrund
11%
gab
11%
gekonnt
11%
Kuß
11%
steht
11%
Bösen
9%
Brüsten
9%
geprüft
9%
Guten
9%
Natur
9%
Tod
9%
trinken
9%
Über
9%
Vater
9%
vor
9%
Bahn
6%
Cherub
6%
Folgen
6%
Froh
6%
gegeben
6%
ihn
6%
ihrer
6%
Küsse
6%
lieber
6%
Muß
6%
muß
6%
Rosenspur
6%
Seid
6%
Sternen
6%
Sternenzelt
6%
umschlungen
6%
ward
6%
Wesen
6%
Wollust
6%
Wurm
6%
zum
6%
Diesen
3%
eure
3%
ganzen
3%
Himmels
3%
Laufet
3%
Millionen
3%
Plan
3%
prächt'gen
3%
wohnen
3%
Ahnest
0%
des
0%
Durch
0%
fliegen
0%
Freudig
0%
Held
0%
nieder
0%
Schöpfer
0%
Siegen
0%
Sonnen
0%
stürzt
0%
Such'
0%

Verteilung der Resultate

Perzentil nach korrekt beantworteten Fragen

Anzahl Personen mit jedem Resultat

Ihre Resultats-Entwicklung

Sie haben dieses Quiz noch nicht gespielt